Reflective practice : (Record no. 17613)
[ view plain ]
| 000 -LEADER | |
|---|---|
| fixed length control field | 01174cam a22003495i 4500 |
| 001 - CONTROL NUMBER | |
| control field | 015398037 |
| 003 - CONTROL NUMBER IDENTIFIER | |
| control field | EG-ScBUE |
| 005 - DATE AND TIME OF LATEST TRANSACTION | |
| control field | 20201128020953.0 |
| 008 - FIXED-LENGTH DATA ELEMENTS--GENERAL INFORMATION | |
| fixed length control field | 090626r20122010enk f b 001 0 eng d |
| 020 ## - INTERNATIONAL STANDARD BOOK NUMBER | |
| International Standard Book Number | 184860212X (pbk.) |
| 020 ## - INTERNATIONAL STANDARD BOOK NUMBER | |
| International Standard Book Number | 9781848602120 (pbk.) |
| 040 ## - CATALOGING SOURCE | |
| Original cataloging agency | EG-ScBUE |
| Language of cataloging | eng |
| Description conventions | rda |
| Transcribing agency | EG-ScBUE |
| Modifying agency | EG-ScBUE |
| 082 04 - DEWEY DECIMAL CLASSIFICATION NUMBER | |
| Classification number | 808.06661 |
| Item number | BOL |
| Edition number | 22 |
| 100 1# - MAIN ENTRY--PERSONAL NAME | |
| Personal name | Bolton, Gillie, |
| Relator term | author. |
| 9 (RLIN) | 33955 |
| 245 10 - TITLE STATEMENT | |
| Title | Reflective practice : |
| Remainder of title | writing and professional development / |
| Statement of responsibility, etc | Gillie Bolton. |
| 250 ## - EDITION STATEMENT | |
| Edition statement | Third edition. |
| 250 ## - EDITION STATEMENT | |
| Edition statement | Reprinted edition. |
| 264 #1 - PUBLICATION, DISTRIBUTION, ETC. (IMPRINT) | |
| Place of publication, distribution, etc | London : |
| Name of publisher, distributor, etc | SAGE Publications Inc, |
| Date of publication, distribution, etc | 2012. |
| 300 ## - PHYSICAL DESCRIPTION | |
| Extent | xxii, 279 pages ; |
| Dimensions | 24 cm |
| 336 ## - CONTENT TYPE | |
| Content type term | text |
| Content type code | txt |
| Source | rdacontent |
| 337 ## - MEDIA TYPE | |
| Media type term | unmediated |
| Media type code | n |
| Source | rdamedia |
| 338 ## - CARRIER TYPE | |
| Carrier type term | volume |
| Carrier type code | nc |
| Source | rdacarrier |
| 504 ## - BIBLIOGRAPHY, ETC. NOTE | |
| Bibliography, etc | Includes bibliographical references and index. |
| 650 #7 - SUBJECT ADDED ENTRY--TOPICAL TERM | |
| Topical term or geographic name as entry element | Medical writing. |
| Source of heading or term | BUEsh |
| 9 (RLIN) | 33956 |
| 650 #7 - SUBJECT ADDED ENTRY--TOPICAL TERM | |
| Topical term or geographic name as entry element | Narration (Rhetoric) |
| Source of heading or term | BUEsh |
| 9 (RLIN) | 33957 |
| 650 #7 - SUBJECT ADDED ENTRY--TOPICAL TERM | |
| Topical term or geographic name as entry element | Communication in medicine. |
| Source of heading or term | BUEsh |
| 9 (RLIN) | 8398 |
| 650 #7 - SUBJECT ADDED ENTRY--TOPICAL TERM | |
| Topical term or geographic name as entry element | Creative writing. |
| Source of heading or term | BUEsh |
| 9 (RLIN) | 2118 |
| 650 #7 - SUBJECT ADDED ENTRY--TOPICAL TERM | |
| Topical term or geographic name as entry element | Career development. |
| Source of heading or term | BUEsh |
| 9 (RLIN) | 33958 |
| 651 #7 - SUBJECT ADDED ENTRY--GEOGRAPHIC NAME | |
| Source of heading or term | BUEsh |
| 653 ## - INDEX TERM--UNCONTROLLED | |
| Resource For college | Humanities: English |
| Arrived date list | October2013 |
| -- | July2019 |
| 942 ## - ADDED ENTRY ELEMENTS (KOHA) | |
| Source of classification or shelving scheme | Dewey Decimal Classification |
| Koha item type | Book - Borrowing |
| Withdrawn status | Lost status | Source of classification or shelving scheme | Damaged status | Not for loan | Collection code | Home library | Current library | Shelving location | Date acquired | Source of acquisition | Total Checkouts | Full call number | Barcode | Date last seen | Price effective from | Koha item type | Date checked out | Total Renewals | Cost, normal purchase price |
|---|---|---|---|---|---|---|---|---|---|---|---|---|---|---|---|---|---|---|---|
| Dewey Decimal Classification | Baccah | Central Library | Central Library | Second Floor | 08/10/2013 | 808.06661 BOL | 000029320 | 15/07/2025 | 08/10/2013 | NB - Book (Non borrowing) | |||||||||
| Dewey Decimal Classification | Baccah | Central Library | Central Library | Second Floor | 08/10/2013 | 808.06661 BOL | 000029321 | 15/07/2025 | 08/10/2013 | Book - Borrowing | |||||||||
| Dewey Decimal Classification | Baccah | Central Library | Central Library | Second Floor | 08/10/2013 | 1 | 808.06661 BOL | 000029322 | 15/07/2025 | 08/10/2013 | Book - Borrowing | 18/12/2013 | |||||||
| Dewey Decimal Classification | Baccah | Central Library | Central Library | Second Floor | 08/10/2013 | 1 | 808.06661 BOL | 000029323 | 15/07/2025 | 08/10/2013 | Book - Borrowing | 15/08/2016 | |||||||
| Dewey Decimal Classification | Baccah | Central Library | Central Library | Second Floor | 08/10/2013 | 808.06661 BOL | 000029324 | 15/07/2025 | 08/10/2013 | Book - Borrowing | |||||||||
| Dewey Decimal Classification | Baccah | Central Library | Central Library | Second Floor | 08/10/2013 | 808.06661 BOL | 000029325 | 15/07/2025 | 08/10/2013 | Book - Borrowing | |||||||||
| Dewey Decimal Classification | Baccah | Central Library | Central Library | Second Floor | 08/10/2013 | 3 | 808.06661 BOL | 000029326 | 15/07/2025 | 08/10/2013 | Book - Borrowing | 16/10/2017 | 11 | ||||||
| Dewey Decimal Classification | Baccah | Central Library | Central Library | Second Floor | 28/10/2013 | 808.06661 BOL | 000029552 | 15/07/2025 | 28/10/2013 | Book - Borrowing | 220.00 | ||||||||
| Dewey Decimal Classification | Baccah | Central Library | Central Library | Second Floor | 28/10/2013 | 808.06661 BOL | 000029553 | 15/07/2025 | 28/10/2013 | Book - Borrowing | |||||||||
| Dewey Decimal Classification | Baccah | Central Library | Central Library | Second Floor | 28/10/2013 | 808.06661 BOL | 000029554 | 15/07/2025 | 28/10/2013 | Book - Borrowing |